अफसर की गाय / (Record no. 112499)

MARC details
000 -LEADER
fixed length control field 00989nam a22002537a 4500
005 - DATE AND TIME OF LATEST TRANSACTION
control field 20170124102939.0
010 ## - LIBRARY OF CONGRESS CONTROL NUMBER
LC control number A-975424
020 ## - INTERNATIONAL STANDARD BOOK NUMBER
Terms of availability 100.00
International Standard Book Number 8170561566
035 ## - SYSTEM CONTROL NUMBER
System control number A-975424
037 ## - SOURCE OF ACQUISITION
Source of stock number/acquisition Cen Lib/Ret
040 ## - CATALOGING SOURCE
Original cataloging agency DPL
Language of cataloging HN
082 ## - DEWEY DECIMAL CLASSIFICATION NUMBER
Classification number 827
Item number सरमा
100 ## - MAIN ENTRY--PERSONAL NAME
Personal name सरमा, पूरन
9 (RLIN) 48039
245 ## - TITLE STATEMENT
Title अफसर की गाय /
Statement of responsibility, etc पुरन सरमा
246 ## - VARYING FORM OF TITLE
Title proper/short title Afsar ki gay /
Remainder of title by Pooran Sarma
260 ## - PUBLICATION, DISTRIBUTION, ETC. (IMPRINT)
Place of publication, distribution, etc जयपुर
Name of publisher, distributor, etc पंचशील प्रकाशन
Date of publication, distribution, etc 1999
270 ## - ADDRESS
Address फिल्म कॉलोनी, चौड़ा रास्ता
City जयपुर
300 ## - PHYSICAL DESCRIPTION
Extent 168पृ.
Dimensions 21सेमी (सजिल्द)
650 ## - SUBJECT ADDED ENTRY--TOPICAL TERM
Topical term or geographic name as entry element हिन्दी साहित्य
9 (RLIN) 48040
650 ## - SUBJECT ADDED ENTRY--TOPICAL TERM
Topical term or geographic name as entry element हिन्दी साहित्य--कहानिया
9 (RLIN) 46379
650 ## - SUBJECT ADDED ENTRY--TOPICAL TERM
Topical term or geographic name as entry element Hindi Literature
9 (RLIN) 48041
650 ## - SUBJECT ADDED ENTRY--TOPICAL TERM
Topical term or geographic name as entry element Hindi Literature--Stories
9 (RLIN) 48042
942 ## - ADDED ENTRY ELEMENTS (KOHA)
Source of classification or shelving scheme Dewey Decimal Classification
Koha item type Hindi Books
Classification part 827
Call number suffix सरमा
Holdings
Withdrawn status Lost status Damaged status Not for loan Home library Current library Date acquired Source of acquisition Cost, normal purchase price Total Checkouts Full call number Barcode Date last seen Copy number Cost, replacement price Price effective from Koha item type Source of classification or shelving scheme Collection code Shelving location
        Central Library Central Library 08/08/2015 Cen Lib/Ret 100.00   827 सरमा A-975424 08/08/2015 1 100.00 08/08/2015 Hindi Books      
      Ordered Sarojini Nagar Sarojini Nagar 30/01/2017       827 सरमा A-975435 30/01/2017 1 100.00 30/01/2017 Hindi Books Dewey Decimal Classification Non-fiction On Display

© Delhi Public Library
Hit Counter
free hit counter